000 00650nam a2200229 u 4500
005 20240924071247.0
008 091202s2007 es r 000 0 spa d
020 _a9788467516838
035 _aUPN01000174078
049 _aI
050 4 _aPZ75
_bF3.5
100 1 _aFarias, Juan,
_d1935-
_930834
245 1 3 _aEl espĆ­ritu de Yegof :
_bRoams Free /
_cJuan Farias.
260 _aMadrid :
_bSM,
_c2007.
300 _a60 p. :
_bil.
440 0 _aTus books.
_pNivel 3
650 4 _aCuentos infantiles espaƱoles
_97725
650 4 _aLiteratura infantil
_94445
650 0 _aAventuras y aventureros
_94121
905 _aInfantil
999 _c146182
_d146182